|
000
|
00982na 22000289 450
|
|
001
|
1770
|
|
005
|
20100110200038.85
|
|
010
|
|
@a7-5386-1675-6@dCNY68.00
|
|
098
|
|
@a1770
|
|
100
|
|
@a20090515d2004 em y0chiy0120 ea
|
|
101
|
0
|
@achi
|
|
102
|
|
@aCN@b210000
|
|
102
|
|
@aCN@b220000
|
|
105
|
|
@aa z 000yy
|
|
106
|
|
@ar
|
|
200
|
1
|
@a餐厅@Acan ting@f深圳市创扬文化传播有限公司编
|
|
210
|
|
@a长春@c吉林美术出版社@d2004.09
|
|
215
|
|
@a160页@c图@d21×24cm
|
|
225
|
2
|
@a室内设计图库系列丛书@Ashi nei she ji tu ku xi lie cong shu
|
|
330
|
|
@a本书通过大量精美的图片与点睛的设计点评,展示了家庭里的重要场所——餐厅的设计作品。
|
|
461
|
0
|
@12001 @a室内设计图库系列丛书
|
|
606
|
0
|
@a住宅@Azhu zhai@x室内设计@j图集
|
|
606
|
0
|
@a住宅@Azhu zhai@x餐厅@x室内设计@j图集
|
|
690
|
|
@aTU241@v4
|
|
711
|
02
|
@a深圳市创扬文化传播有限公司@Ashen zhen shi chuang yang wen hua chuan bo you xian gong si@4编
|
|
801
|
0
|
@aCN@bCDNYKJZYXY@c20100110
|
|
905
|
|
@aCDNYKJZYXY@dTU241@e62
|
|
|
|
|
| |
| 餐厅/深圳市创扬文化传播有限公司编.-长春:吉林美术出版社,2004.09 |
| 160页:图;21×24cm.-(室内设计图库系列丛书) |
| |
| |
| ISBN 7-5386-1675-6:CNY68.00 |
| 本书通过大量精美的图片与点睛的设计点评,展示了家庭里的重要场所——餐厅的设计作品。 |
| ● |
正题名:餐厅
索取号:TU241/62
 
预约/预借
| 序号
|
登录号
|
条形码
|
馆藏地/架位号
|
状态
|
备注
|
|
1
|
254472
|
300254472
|
海科密-1楼/28架6列4层/
[索取号:TU241/62]
|
在馆
|
|
|
2
|
254473
|
300254473
|
海科密-1楼/27架9列3层/
[索取号:TU241/62]
|
在馆
|
|
|
3
|
254474
|
300254474
|
海科密-1楼/28架6列4层/
[索取号:TU241/62]
|
在馆
|
|
|
4
|
254475
|
300254475
|
海科密-1楼/28架6列4层/
[索取号:TU241/62]
|
在馆
|
|
|
5
|
254476
|
300254476
|
海科密-1楼/28架6列4层/
[索取号:TU241/62]
|
在馆
|
|
|
6
|
271338
|
300271338
|
海科密-1楼/27架1列3层/
[索取号:TU241/62]
|
在馆
|
|
|
7
|
271339
|
300271339
|
海科密-1楼/27架1列2层/
[索取号:TU241/62]
|
在馆
|
|
|
8
|
271340
|
300271340
|
海科密-1楼/46架1列5层/
[索取号:TU241/62]
|
在馆
|
|
|
9
|
271341
|
300271341
|
海科密-1楼/46架1列5层/
[索取号:TU241/62]
|
在馆
|
|
|
10
|
271342
|
300271342
|
海科密-1楼/27架1列3层/
[索取号:TU241/62]
|
在馆
|
|
|
11
|
271343
|
300271343
|
海科密-1楼/46架1列6层/
[索取号:TU241/62]
|
在馆
|
|
|
12
|
271344
|
300271344
|
海科密-1楼/27架1列3层/
[索取号:TU241/62]
|
在馆
|
|
|
13
|
271345
|
300271345
|
海科密-1楼/27架1列2层/
[索取号:TU241/62]
|
在馆
|
|
|
14
|
271346
|
300271346
|
海科密-1楼/27架1列2层/
[索取号:TU241/62]
|
在馆
|
|
|
15
|
271347
|
300271347
|
海科密-1楼/46架1列5层/
[索取号:TU241/62]
|
在馆
|
|